000 00613nam a2200217Ia 4500
005 20241129104314.0
008 241129s9999||||xx |||||||||||||| ||und||
020 _a9781032041872
037 _aTextual
040 _aRTL
_beng
_cRTL
041 _aeng
_2eng
084 _aX9 R2
_qRTL
100 _aPandiarajan Vijay
_9725684
245 0 _aBusiness innovation: A case study approach
_cPandiarajan Vijay
260 _aNew York
_bRoutledge
_c2022
300 _axxii,334p.
365 _aINR
_bRs.5283.94
650 _aBusiness Economics
_9391653
942 _cTB
_hX9 R2
999 _c1225313
_d1225313